|
|
|
|
| LEADER |
01733cas a2200265 a 4500 |
| 001 |
AALejournalIMF018017 |
| 008 |
230101c9999 xx r poo 0 0eng d |
| 020 |
|
|
|c 5.00 USD
|
| 020 |
|
|
|z 9781484324936
|
| 022 |
|
|
|a 1018-5941
|
| 040 |
|
|
|a BD-DhAAL
|c BD-DhAAL
|
| 100 |
1 |
|
|a Guscina, Anastasia.
|
| 245 |
1 |
0 |
|a Assessing Loss of Market Access :
|b Conceptual and Operational Issues /
|c Anastasia Guscina, Sheheryar Malik, Michael Papaioannou.
|
| 264 |
|
1 |
|a Washington, D.C. :
|b International Monetary Fund,
|c 2017.
|
| 300 |
|
|
|a 1 online resource (63 pages)
|
| 490 |
1 |
|
|a IMF Working Papers
|
| 500 |
|
|
|a <strong>Off-Campus Access:</strong> No User ID or Password Required
|
| 500 |
|
|
|a <strong>On-Campus Access:</strong> No User ID or Password Required
|
| 506 |
|
|
|a Electronic access restricted to authorized BRAC University faculty, staff and students
|
| 520 |
3 |
|
|a Loss of market access (LMA) is a central element and an exacerbator of balance of payments and fiscal crises. This paper provides an operational definition of LMA, examines the predictive power of potential LMA leading indicators, attempts to determine the likely nature (temporary versus structural) of an LMA episode, and analyzes potential implications of such an assessment on the required degree of adjustment to restore market access. Finally, it highlights the possible application of the methodological framework for identifying emerging risks to market access.
|
| 538 |
|
|
|a Mode of access: Internet
|
| 700 |
1 |
|
|a Malik, Sheheryar.
|
| 700 |
1 |
|
|a Papaioannou, Michael.
|
| 830 |
|
0 |
|a IMF Working Papers; Working Paper ;
|v No. 2017/246
|
| 856 |
4 |
0 |
|z Full text available on IMF
|u http://elibrary.imf.org/view/journals/001/2017/246/001.2017.issue-246-en.xml
|z IMF e-Library
|